The London 1945 United Nations slogan cancellations (Record no. 2929)

000 -LEADER
fixed length control field 00475nam a22000977a 4500
008 - FIXED-LENGTH DATA ELEMENTS--GENERAL INFORMATION
fixed length control field 190114b ||||| |||| 00| 0 eng d
100 ## - MAIN ENTRY--AUTHOR'S NAME
Author's Name Barnes, William
245 ## - TITLE STATEMENT
Title The London 1945 United Nations slogan cancellations
260 ## - PUBLICATION, DISTRIBUTION, ETC. (IMPRINT)
Name of publisher, distributor, etc. Collectors Club of Kansas City
Date of publication, distribution, etc. 1979
650 ## - TOPICAL TERM (Tag)
Topical term or geographic name Great Britain -- London | Postal Markings -- Slogan | 1945 | Machine Cancels | Post Offices | Collecting -- Arrangement and Mounting | Exhibits | Topical Collecting -- United Nations | Bibliographies
Holdings
Withdrawn status Lost status Source of classification or shelving scheme Damaged status Koha normalized classification for sorting Not for loan Permanent Location Current Location Shelving location Date acquired Total Checkouts Full call number Barcode Date last seen Copy number Price effective from
        HE6239 U5 B261   Northern Philatelic Library Northern Philatelic Library General Stacks 01/14/2019   HE6239 U5 B261 1005329 01/14/2019 1 01/14/2019

Powered by Koha